000 00495nam a2200157Ia 4500
008 241206s9999||||xx |||||||||||||| ||und||
020 _a97780521627658
_c96
040 _beng
_cSSK Library
_erda
082 _a428.0072/MAR
100 _a Bruce Marsland
245 0 _aLessons From Nothing: Activities For Language Teaching With Limited Time And Resources
260 _b Cambridge University Press
_c2006
942 _2Dewey Decimal Classification
_cBOOK
_nNo
999 _c16232
_d16232
003 OSt
005 20241206223243.0